Normal view MARC view

Entry Personal Name

Number of records used in: 1

001 - CONTROL NUMBER

  • control field: 562853

003 - CONTROL NUMBER IDENTIFIER

  • control field: OSt

005 - DATE AND TIME OF LATEST TRANSACTION

  • control field: 20220930193949.0

008 - FIXED-LENGTH DATA ELEMENTS

  • fixed length control field: 220930|| aca||aabn | a|a d

040 ## - CATALOGING SOURCE

  • Original cataloging agency: OSt
  • Transcribing agency: OSt

100 ## - HEADING--PERSONAL NAME

  • Personal name: Sood Ajay Kumar

670 ## - SOURCE DATA FOUND

  • Source citation: Work cat.: (OSt)897145: Sood Ajay Kumar, Study of abnormalities of liver in upper abdominal surgical conditions with special reference to gall bladder., 1980
Copyright @ Delhi University Library System